|
|
|
|
| LEADER |
00000ny a22000003n 4500 |
| 005 |
20110524131247.0 |
| 008 |
080618s2004 sp s 000 0 spa c |
| 020 |
|
|
|a 8476987226
|
| 035 |
|
|
|a 609
|
| 040 |
|
|
|a UMA.RE
|d vLex
|
| 080 |
|
|
|a 347.9(0.034)
|
| 090 |
|
|
|c 221
|d 221
|
| 100 |
1 |
|
|a Guimaraes Ribeiro, Darci
|
| 245 |
1 |
3 |
|a La pretension procesal y la tutela judicial efectiva
|h [Recurso electrn̤ico]
|c Darci Guimaraes Ribeiro
|
| 256 |
|
|
|a Servicio en ln̕ea
|
| 260 |
|
|
|a [Barcelona] :
|b J.M. Bosch,
|c 2004
|
| 506 |
1 |
|
|a Contenido solo disponible en los productos indicados
|d vLex Global
|d vLex Global (Academic Edition, excluding Law Schools)
|d vLex Global (U.S. Academic Edition, Law Schools)
|d vLex Global (U.S. Academic Edition, excluding Law Schools)
|d vLex Global (Academic Edition, Law Schools)
|
| 650 |
|
|
|2 Tesauro vLex
|a Pretensiones de las partes
|
| 650 |
|
|
|2 Tesauro vLex
|a Tutela judicial
|
| 650 |
|
|
|2 Tesauro vLex
|a Tutela judicial efectiva
|
| 740 |
0 |
|
|a vLex Libros (Servicios en ln̕ea)
|
| 856 |
4 |
0 |
|z Acceso restringido
|u http://vlex.com/source/tutela-judicial-efectiva-609
|
| 942 |
|
|
|c BOOK
|
| 999 |
0 |
|
|a Law
|b Barcelona
|